000 00650nam a2200193 i 4500
001 000030425
003 RuMoIPM
005 20260428105828.0
008 111010s1945----ur | c rus
040 _aRuMoIPM
_brus
_ercr
041 0 _arus
080 _a51(081)
245 1 _aВып. 1 : Математика
260 _c1945
300 _a174 с., [1] л. портр.
_bпортр.
504 _aБиблиогр. в конце ст.
773 1 8 _dМосква | Ленинград: Изд-во АН СССР, 1945
_gВып. 1
_tНаучное наследие П. Л. Чебышева: [Сборник статей]
_w000030424
942 _cBK
999 _c30425
_d30425